|
|
|
|
| LEADER |
01448nam a2200313 a 4500 |
| 001 |
1144828 |
| 008 |
120109r20101995enk b 001 0 eng |
| 010 |
|
|
|a 95038905
|
| 020 |
|
|
|a 9847004400273
|
| 020 |
|
|
|a 185649361X (hb)
|
| 020 |
|
|
|a 1856493628 (pb)
|
| 040 |
|
|
|a DLC
|c DLC
|d DLC
|d BD-DhAAL
|
| 043 |
|
|
|a a-bg---
|
| 050 |
0 |
0 |
|a RA401.A1
|b C47 1995
|
| 082 |
0 |
0 |
|a 362.1/782
|2 20
|
| 100 |
1 |
|
|a Chowdhury, Zafrullah,
|d 1941-
|
| 245 |
0 |
4 |
|a The politics of essential drugs :
|b the makings of a successful health strategy : lessons from Bangladesh /
|c by Zafrullah Chowdhury.
|
| 260 |
|
|
|a London ;
|a Atlantic Highlands, N.J. :
|b Zed Books ;
|a Dhaka ;
|b Gonoprokashani,
|c 1995 [reprinted 2010].
|
| 300 |
|
|
|a xx, 174 p. ;
|c 23 cm.
|
| 500 |
|
|
|a Published in association with the Dag Hammarskjöld Foundation, Uppsala, Sweden.
|
| 504 |
|
|
|a Includes bibliographical references and index.
|
| 541 |
|
|
|e 00024191
|
| 650 |
|
0 |
|a Pharmaceutical policy
|x Case studies.
|
| 650 |
|
0 |
|a Pharmaceutical policy
|z Bangladesh.
|
| 710 |
2 |
|
|a Dag Hammarskjöld Foundation.
|
| 852 |
1 |
|
|a James P Grant School of Public Health
|c General Shelf.
|
| 999 |
|
|
|c 11742
|d 11742
|
| 952 |
|
|
|0 0
|1 0
|2 ddc
|4 0
|6 362_178200000000000_CHO
|7 0
|9 19096
|a JPGSPH
|b JPGSPH
|c GEN
|d 2012-01-09
|l 0
|o 362.1782 CHO
|p 3060024191
|r 2012-01-09
|t 1
|w 2012-01-09
|y BK
|
| 952 |
|
|
|0 0
|1 0
|2 ddc
|4 0
|6 362_178200000000000_CHO
|7 0
|9 19097
|a JPGSPH
|b JPGSPH
|c GEN
|d 2012-01-09
|l 0
|o 362.1782 CHO
|p 3060024192
|r 2012-01-09
|t 2
|w 2012-01-09
|y BK
|